00549 2200193 4500245006800000020002200068250001100090100001700101700001700118700001800135700002700153650002100180005001900201260007600220041001400296084001000310300002600320336000900346 aOmbenan Apa Kuwi? b : Minuman Apakah Itu?cSri BandiyahhText a978-623-112-762-4 aCet. 1 aSri Bandiyah aSiti Fatimah aDiana Trivita aFajriyah Nuruh Hidayah aCerita Bergambar a20241003112544 aJakartabKementerian Pendidikan, Kebudayaan, Riset, dan Teknologic2023 aIndonesia a741.5 a18 hlm., 14 cm :cPDF atext